00431nam a2200145 u 450000100100000000500170001000800410002704000250006808200150009310000200010824500400012826000510016830000280021950000380024700002070820200930011141.0100813s1969 dr a r 000 0 spa d aDO-SdBNPbspacBPJMB axxxbK916d1 aKrauss, Paul G.10aDeutsche lekture /cPaul G. Krauss. aNew York :bHolt, Rinehart and Winston,c1969. a189 p. :bil. ;c21 cm. aIncluye notas al pie de páginas